| 000 | 00437nam a22001697a 4500 | ||
|---|---|---|---|
| 003 | SGT | ||
| 020 | _a9789352705689 | ||
| 082 |
_a611 _bT19P |
||
| 100 | _aPhulari, Rashmi G. S. | ||
| 245 | _aTextbook of Dental Anatomy, Physiology & Occlusion | ||
| 250 | _a2nd | ||
| 260 |
_aNew Delhi, India _bJaypee Brothers _c2019 |
||
| 300 | _a321 | ||
| 650 | _aAnatomy; Dentistry | ||
| 653 | _aAnatomy; Physiology; Occlusion | ||
| 942 |
_2ddc _cBK |
||
| 999 |
_c24879 _d24879 |
||